000 01072cad a22002655a 4500
001 E151620
008 101123s2010 xxk f 100 0 eng d
020 _a9781842196199
035 _a(Sirsi) u151620
041 0 _aeng
100 1 _aManu, Patrick Ackom
111 2 _aConstruction and Building Research Conference
_cDauphine Universite, Paris
_d2-3 September 2010
245 0 3 _aAn approach for evaluating the health and safety risk associated with construction project features based on their contribution to accident causation
_h[electronic resource]
260 _aLondon
_bRICS
_c2010
520 _aA paper presented at the COBRA Conference in Paris on 2-3 September 2010.
590 _aKA
650 2 4 _aCONSTRUCTION AND BUILDING RESEARCH CONFERENCE (COBRA)
651 4 _aInternational
690 _aHealth and safety
_96244
700 1 _aAnkrah, Nii
700 1 _aProverbs, David
700 1 _aSuresh, Subashini
_cDr
856 4 0 _uhttps://www.rics.org/site/scripts/download_info.aspx?fileID=8098&categoryID=720
_zBroken link - not available
942 _n0
999 _c111490
_d111490